000 00670nam a22001577a 4500
999 _c535518
_d535518
020 _qHard Cover.
082 _a624.1
100 _aMuhammad Khurram Nazar Kharal.
245 _aBuilding information modeling (BIM): advantages, risks and applications associated with its adoption in architecture, engineering and construction (ACE) industry in Pakistan /
_cMuhammad Khurram Nazar Kharal.
260 _aIslamabad:
_bNIT NUST,
_c2012.
300 _a103 p. :
_bill. ;
_c30cm.
942 _2ddc
_cTHE
650 _aConstruction Engineering and Management MS-Thesis.
_917023
700 _aDr. Muhammad Babar Khan.
_929015